Opinión pública costarricense frente al ataque a las Torres Gemelas y el Pentágono: sondeo telefónico realizado el 19 y 20 de setiembre del 2001
Uloženo v:
| Korporativní autor: | |
|---|---|
| Médium: | Text |
| Vydáno: |
San José:
UCR. FCS. IIS
|
| Témata: | |
| Tagy: |
Přidat tag
Žádné tagy, Buďte první, kdo vytvoří štítek k tomuto záznamu!
|
MARC
| LEADER | 00000 a a2200000 04500 | ||
|---|---|---|---|
| 001 | 27724 | ||
| 003 | |||
| 040 | |||
| 090 | |a 186000 | ||
| 110 | |a Universidad de Costa Rica. Facultad de Ciencias Sociales. Instituto de Investigaciones Sociales | ||
| 245 | |a Opinión pública costarricense frente al ataque a las Torres Gemelas y el Pentágono: sondeo telefónico realizado el 19 y 20 de setiembre del 2001 | ||
| 260 | |a San José: |b UCR. FCS. IIS | ||
| 300 | |a 5 p | ||
| 500 | |a Contiene el cuestionario | ||
| 650 | |a TERRORISMO | ||
| 650 | |a ENCUESTAS SOCIALES | ||
| 650 | |a ENCUESTAS DE OPINION PUBLICA | ||
| 999 | |c 13281 |d 13281 | ||
